Pedro y Juan ; Bola de sebo / (Registro nro. 32541)
[ vista simple ]
| 000 -CABECERA | |
|---|---|
| campo fijo de control de longitud | 00726cam a2200229 4500 |
| 001 - NÚMERO DE CONTROL | |
| campo de control | 32541 |
| 003 - IDENTIFICADOR DEL NÚMERO DE CONTROL | |
| campo de control | AR-RoBPED |
| 005 - FECHA Y HORADE LA ULTIMA TRANSACCION | |
| campo de control | 20260410110023.0 |
| 008 - ELEMENTOS DE LONGITUD FIJA--INFORMACION GENERAL | |
| campo fijo de control de longitud | 260409t1971 sp ||||| |||| 00| 1 spa d |
| 040 ## - FUENTE CATALOGADORA | |
| Centro catalogador/agencia de origen | AR-RoBPED |
| 041 ## - IDIOMA | |
| Código de idioma para texto/pista de sonido o título independiente | spa |
| 100 1# - ENCABEZAMIENTO PRINCIPAL--AUTOR PERSONAL | |
| Nombre de persona | Maupassant, Guy de, |
| Fechas nac-muerte | 1850-1893 |
| 9 (RLIN) | 20359 |
| 245 ## - TITULO | |
| Título | Pedro y Juan ; Bola de sebo / |
| Mención de responsabilidad | Guy de Maupassant ; prólogo de Nicanor Ancochea |
| 260 ## - PUBLICACION | |
| Lugar | Navarra : |
| Editor | Salvat, |
| Fecha | 1971. |
| 300 ## - DESCRIPCION FISICA | |
| Extensión | 182 p. |
| 490 0# - SERIE | |
| Mención de serie | (Biblioteca Básica Salvat ; |
| Designación de volumen o secuencia | 99) |
| 650 #4 - TERMINO DE MATERIA--CONTROLADO | |
| Término controlado | LITERATURA FRANCESA |
| 9 (RLIN) | 393 |
| Término controlado | NOVELAS |
| 9 (RLIN) | 25 |
| 700 ## - ENCABEZAMIENTO SECUNDARIO--AUTOR PERSONAL | |
| Nombre de persona | Ancochea, Nicanor |
| 9 (RLIN) | 30664 |
| Función | prol. |
| 942 ## - ELEMENTOS KOHA | |
| Fuente de clasificación | Universal Decimal Classification |
| Número Koha | k. 32541 |
| Koha tipo de ítem | Libro |
| Clasificación | 840-31 |
| Signatura librística | Mau 29 p |
| Inventario | inv. 42365 |
| 945 ## - PROCESAMIENTO DE LA INFORMACIÓN LOCAL | |
| Catalogador y fecha | mm 09/04/2026 mev 10/04/2026 |
| Estado retirado | Estado perdido | Fuente de clasificación | Estado dañado | No se presta | Biblioteca propietaria | Biblioteca de reserva | Fecha de adquisición | Procedencia | Total de préstamos | Signatura topográfica completa | Código de barras (nº de inventario) | Fecha visto por última vez | Catalogador y fecha | Tipo de ítem Koha | Nota pública |
|---|---|---|---|---|---|---|---|---|---|---|---|---|---|---|---|
| Universal Decimal Classification | Biblioteca Pedagógica Eudoro Díaz | Biblioteca Pedagógica Eudoro Díaz | 06/04/2026 | Donación | 840-31 Mau 29 p | 42365 | 09/04/2026 | mm 09/04/2026 | Libro | Se presta 15 días. |